000 00336nam a22001457a 4500
008 210517b ||||| |||| 00| 0 eng d
020 _a015845244
041 _aeng
080 _a316
082 _a316
100 _a50
101 _aSOC
245 _aHuman Development Fundamental Relationships
_cAnna B. Anderson
942 _2udc
_cBK
999 _c57366
_d57366